Sufism in India: (Record no. 185960)

MARC details
000 -LEADER
fixed length control field 00547nam a22001817a 4500
005 - DATE AND TIME OF LATEST TRANSACTION
control field 20220211113248.0
010 ## - LCCN (DPL NO)
LC control number ENG-131529
020 ## - INTERNATIONAL STANDARD BOOK NUMBER
International Standard Book Number 9788123780412
Terms of availability 70.00
035 ## - SYSTEM CONTROL NUMBER
System control number EN-115061
037 ## - SOURCE OF ACQUISITION
Source of stock number/acquisition DBAD
082 ## - DEWEY DECIMAL CLASSIFICATION NUMBER
Classification number 270
100 ## - MAIN ENTRY--PERSONAL NAME
Personal name Naresh
245 ## - TITLE STATEMENT
Title Sufism in India:
Remainder of title An Overview/
Statement of responsibility, etc Naresh
260 ## - PUBLICATION, DISTRIBUTION, ETC. (IMPRINT)
Place of publication, distribution, etc New Delhi
Name of publisher, distributor, etc National Book Trust
Date of publication, distribution, etc 2017
270 ## - ADDRESS
Address Nehru Bhawan, 5 Institutional Area, Phase-II, Vasant Kunj
City New Delhi
Postal code 110070
300 ## - PHYSICAL DESCRIPTION
Extent vii, 70p.
Other physical details Bibliography
Dimensions 22cm(pbk)
942 ## - ADDED ENTRY ELEMENTS (KOHA)
Source of classification or shelving scheme Dewey Decimal Classification
Item type English Books
Classification part 270
Call number suffix NAR
Holdings
Withdrawn status Lost status Not for loan Collection code Home library Current library Date acquired Source of acquisition Cost, normal purchase price Full call number Barcode Copy number Cost, replacement price Koha item type
      Non-fiction Bawana Bawana 11/02/2022 DBAD/PUB 70.00 270 NAR EN-115061 1 70.00 English Books

© Delhi Public Library
Hit Counter
free hit counter